00247nam a22000977a 4500008004100000082001100041245006500052260000900117300001000126440001300136180806b xxu||||| |||| 00| 0 eng d a813.52 aWhen baby comes early a parent's guide to prematuritycDimes c2002 a1fCD x09191604